000 00642nam a2200265Ia 4500
005 20260121165621.0
008 008 260114s9999 xx 000 0 eng d
020 _a9783319506241
037 _aEBOOK
040 _aCRL
040 _beng
040 _cCRL
041 _2eng
041 _aeng
084 _qCRL
100 _aElaine Clanton Harpine
_91053945
245 0 _aTeaching At-Risk Students to Read
260 _bSpringer
260 _bSpringer
260 _c2016
856 _uhttps://link.springer.com/openurl?genre=book&isbn=978-3-319-50624-1
942 _cEBOOK
999 _c1619671
_d1619671